Normal view MARC view
  • Kulkarni Bhakti- 2K231103 & Prof. Ranjana Gogate – Guide

Entry Personal Name

Number of records used in: 1

001 - CONTROL NUMBER

  • control field: 211759

003 - CONTROL NUMBER IDENTIFIER

  • control field: OSt

005 - DATE AND TIME OF LATEST TRANSACTION

  • control field: 20250327123330.0

008 - FIXED-LENGTH DATA ELEMENTS

  • fixed length control field: 250327|| aca||aabn | a|a d

040 ## - CATALOGING SOURCE

  • Original cataloging agency: OSt
  • Transcribing agency: OSt

100 ## - HEADING--PERSONAL NAME

  • Personal name: Kulkarni Bhakti- 2K231103 & Prof. Ranjana Gogate – Guide

670 ## - SOURCE DATA FOUND

  • Source citation: Work cat.: (OSt)365792: Kulkarni Bhakti- 2K231103 & Prof. Ranjana Gogate – Guide, Comparative Study of CGST, SGST and IGST of Selected Companies, December 2024